Statistics for Movies Featuring Mental Disorders

Click here to take the quiz!

General Stats

  • This quiz has been taken 130 times
  • The average score is 5 of 19

Answer Stats

HintAnswer% Correct
Dustin Hoffman, AutismRain Man
68%
Natalie Portman, SchizophreniaBlack Swan
60%
Bradley Cooper, Bipolar DisorderSilver Linings Playbook
55%
Edward Norton, Dissociative Identity DisorderFight Club
47%
Drew Barrymore, Anterograde Amnesia50 First Dates
41%
Ellen DeGeneres, Retrograde AmnesiaFinding Nemo
37%
Glenn Close, ErotomaniaFatal Attraction
30%
Leonardo DiCaprio, Obsessive-Compulsive Disorder (OCD)The Aviator
28%
Malcolm McDowell, Conduct DisorderA Clockwork Orange
26%
Rachel McAdams, Histrionic Personality DisorderMean Girls
22%
Kate Winslet, Lacunar AmnesiaEternal Sunshine of the Spotless Mind
21%
Henry Fonda, DementiaOn Golden Pond
17%
Johnny Depp, Substance Use DisorderFear and Loathing in Las Vegas
15%
Kirsten Dunst, Clinical DepressionThe Virgin Suicides
14%
Gloria Swanson, Delusional DisorderSunset Boulevard
13%
Patrick Wilson, PedophiliaHard Candy
11%
Tim Robbins, Post-Traumatic Stress DisorderMystic River
11%
Nicolas Cage, Social AnxietyAdaptation
6%
John Cazale, Avoidant Personality DisorderThe Godfather
4%

Score Distribution

Percentile by Number Answered

Percent of People with Each Score

Your Score History

You have not taken this quiz